00761nam a2200217 450000500170000000800410001702000180005804100120007608200130008810000240010124500820012526000220020730000080022936500190023752000600025665000210031670000250033794200070036299900190036995201550038820260122162138.0260109b |||||||| |||| 00| 0 eng d a9789083270678 aEnglish a687bGRA aGrant Jason9216283 aWhat is Post-Branding ? : How to Counter Fundamentalist Marketplace Semiotics bSet Marginsc2023 a269 b1695.94cRs.00 a1. Dis-Branded 2. Mixed Messages 3. Manual 4. Context  aBranding9119911 aVodeb Oliver9216284 cBK c369826d369826 00102ddc4070aSOFTbSOFTd2026-01-08eDesign Book Studiog1515.04i286l0o687 GRApSOFT-BK-4827r2026-01-09 14:37:00t33%v2261.25w2025-12-12yBK